000 00535nam a2200169 i 4500
001 163390
003 ES-MaACL
005 20230906212730.0
008 990701s1869 fr |||| | fre d
080 _a27-31-144.894
100 1 _aReville, Albert.
_996442
245 1 0 _aHistoire du dogme de la divinité de Jésus-Chris /
_cpar Albert Réville.
260 _aParis :
_bGermer Baillière,
_c1869.
300 _a187 p. ;
_c18 cm.
600 0 4 _aJesucristo-
_xDivinidad.
_966365
852 4 _aES-MaACL
_jF-11762
_z- Enc. pasta española
999 _c163390
_d163390